Pintas y graffiti de Nicaragua : la insurrección de las paredes /
Збережено в:
| Автор: | |
|---|---|
| Інші автори: | , , |
| Формат: | Книга |
| Мова: | Іспанська |
| Опубліковано: |
Managua, Nicaragua :
Nueva Nicaragua,
1984, c1984
|
| Предмети: | |
| Теги: |
Немає тегів, Будьте першим, хто поставить тег для цього запису!
|
MARC
| LEADER | 00000nam^a2200000^a^4500 | ||
|---|---|---|---|
| 001 | 000186871 | ||
| 005 | 20250521000000.0 | ||
| 009 | 20260310102240.408 | ||
| 037 | |a Acervo ITESO - Biblioteca | ||
| 041 | |a ESP | ||
| 082 | |a 751. 73097285053 |b CAB | ||
| 100 | |a Cabezas, Omar |e (texto) | ||
| 245 | 1 | 0 | |a Pintas y graffiti de Nicaragua : |b la insurrección de las paredes / |c Textos de O. Cabezas, D.M. Téllez ; fotografía de S. Meiselas... [et al.] ; introd. de S. Ramírez. |
| 264 | 4 | |a Managua, Nicaragua : |b Nueva Nicaragua, |c 1984, c1984 | |
| 300 | |a 96 p. | ||
| 336 | |a texto |b txt |2 rdacontenido | ||
| 337 | |a sin mediación |b n |2 rdamedio | ||
| 338 | |a volumen |b nc |2 rdasoporte | ||
| 649 | |a XX | ||
| 650 | |a Graffiti - |z Nicaragua - |x Tema Principal | ||
| 650 | |a Pintura Popular - |z Nicaragua | ||
| 650 | |a Arte Popular - |z Nicaragua | ||
| 650 | |a Arte y Sociedad - |z Nicaragua | ||
| 650 | |a Arte y Política - |z Nicaragua - |x Tema Principal | ||
| 650 | |a Barda - |z Nicaragua | ||
| 650 | |a Movimientos Sociales en el Arte | ||
| 650 | |a Comunicación Masiva - |z Nicaragua | ||
| 650 | |a Comunicación y Política - |z Nicaragua | ||
| 650 | |a Nicaragua - |x Historia - |y Régimen Sandinista, 1979-1990 | ||
| 650 | |a Nicaragua - |x Historia - |y Siglo XX | ||
| 700 | |a Téllez, Dora María |e (texto) | ||
| 700 | |a Meiselas, Susan |e (fotógrafo) | ||
| 700 | |a Ramírez, Sergio |e (introducción) | ||
| 910 | |a Fondo General | ||
| 920 | |a Impresos - Libros | ||
| 930 | |a Colección General | ||
| 905 | |a 101 | ||
| 901 | |a 0500128580 |b IT1 |c ACC |u 20250521 | ||
| 902 | |a https://opac.biblio.iteso.mx/vufind/Record/000186871 | ||